Aspectos morfológicos de frutos, sementes e plântulas de sucupira preta (Registro n. 337727)
[ somente texto ]
| 000 -LÍDER | |
|---|---|
| fixed length control field | 04191nab a2200337 i 4500 |
| 003 - CÓDIGO MARC DA AGÊNCIA CATALOGADORA | |
| Campo de controle | BR-BrBNA |
| 005 - DATA E HORA DA ÚLTIMA ATUALIZAÇÃO | |
| Campo de controle | 20250821125518.0 |
| 008 - CAMPO DE TAMANHO FIXO | |
| fixed length control field | 250821b2015 bl.qr|pooa||| 00| 0 por | |
| 040 ## - FONTE DA CATALOGAÇÃO | |
| Agência catalogadora | BR-BrBNA |
| Idioma da catalogação | por |
| 072 ## - CATEGORIA AGRIS | |
| Código AGRIS | K10 |
| 072 ## - CATEGORIA AGRIS | |
| Código AGRIS | F50 |
| 100 ## - ENTRADA PRINCIPAL - NOME PESSOAL | |
| Nome pessoal | Albuquerque, Amanda Nogueira de |
| 100 ## - ENTRADA PRINCIPAL - NOME PESSOAL | |
| Nome pessoal | Albuquerque, Maria Cristina de Figueiredo e |
| 100 ## - ENTRADA PRINCIPAL - NOME PESSOAL | |
| Nome pessoal | Mendonça, Elisabeth Aparecida Furtado de |
| 100 ## - ENTRADA PRINCIPAL - NOME PESSOAL | |
| Nome pessoal | Mariano, Daiane de Cinque |
| 100 ## - ENTRADA PRINCIPAL - NOME PESSOAL | |
| Nome pessoal | Okumura, Ricardo Shigueru |
| 100 ## - ENTRADA PRINCIPAL - NOME PESSOAL | |
| Nome pessoal | Coletti, Admar Junior |
| 245 ## - TÍTULO PRINCIPAL | |
| Título principal | Aspectos morfológicos de frutos, sementes e plântulas de sucupira preta |
| 500 ## - NOTA GERAL | |
| Nota geral | <br/><br/>Publicação online; 22 ref.; 6 illus.; 2 tables; Summaries (En, Pt) |
| 942 ## - ADDED ENTRY ELEMENTS (KOHA) | |
| Koha item type | Analítica |
| 520 ## - NOTA DE RESUMO | |
| Nota de conteúdo | <br/><br/><br/>RESUMO: Com a crescente demanda por sementes e mudas de espécies florestais para realizar seu plantio, se faz necessário estudar a ecofisiologia dessas espécies. O objetivo foi descrever as características morfológicas externas dos frutos, características morfológicas externas e internas das sementes, das fases de germinação e da plântula de sucupira-preta (Bowdichia virgilioides Kunth). Os frutos são do tipo samaroide, secos e indeiscentes. As sementes são ovoides, achatadas, possuem hilo circular alaranjado, circundado por arilo de cor branca, rafe bem visível, possuem cotilédones com reserva e eixo embrionário curto, com tamanho total e invaginado. A germinação é fanero-epígea-foliácea, unipolar, com eixo entre os cotilédones. As folhas cotiledonares são verdes e com reservas, formato arredondado. As sementes apresentam padrão trifásico de embebição de água, nas quais as fases I e II tiveram duração de 24 h, atingindo 53 e 57% de teor de água, respectivamente, enquanto a fase III de embebição iniciou-se 48 h após a semeadura. As sementes estabilizaram a formação de plântulas normais aos 14 dias após semeadura, atingindo 97% de germinação. A emissão de raiz primária teve início aos dois dias e a plântula ficou totalmente formada aos 14 dias após a semeadura. A curva de embebição apresentou um padrão trifásico e, com 48 h de embebição, atingiu 30% de germinação. <br/><br/><br/>PALAVRAS-CHAVE: Germinação de sementes, Curva de embebição, Desenvolvimento pós-seminal, Espécie florestal |
| 520 ## - NOTA DE RESUMO | |
| Nota de conteúdo | <br/><br/><br/>ABSTRACT: With the growing demand for seeds and seedlings of forest species for cultivation, it is necessary to study these species’ ecophysiology. This work aimed to illustrate and describe the Bowdichia virgilioides Kunth fruits external morphological features, seeds external and internal morphology, and stages of germination and seedling. The fruits are samaroide, dry and indehiscent type. The seeds are oval, flattened, with orange circular hilum surrounded by aryl white, very visible raphe, reserve cotyledons and short, full sized and invaginated embryonic axis. The germination is epigeal-phanero-foliacea, unipolar, with axis between the cotyledons. The cotyledon leaves are green with reserves, and round shaped. The seeds have triphasic pattern of water imbibition, in which phases I and II lasted 24 hours, reaching 53 and 57% water content, respectively, while the stage III imbibition was started 48 hours after seeding. The seeds stabilized formation of normal plants 14 days after sowing, reaching 97% germination. Root emission began the two days later and the seedling is fully formed at 14 days after sowing. The imbibition curve presents a three-phase standard and germination reaches 30% within 48 hours of imbibition. <br/><br/><br/>KEYWORDS: Seed germination, Imbibition curve, Seminal post-development, Forest species |
| 650 ## - ASSUNTO - THESAGRO | |
| Cabeçalho tópico ou nome geográfico | SUCUPIRA-AÇU |
| 650 ## - ASSUNTO - THESAGRO | |
| Cabeçalho tópico ou nome geográfico | SEMENTAL FLORESTAL |
| 650 ## - ASSUNTO - THESAGRO | |
| Cabeçalho tópico ou nome geográfico | GERMINAÇÃO |
| 650 ## - ASSUNTO - THESAGRO | |
| Cabeçalho tópico ou nome geográfico | MORFOLOGIA VEGETAL |
| 650 ## - ASSUNTO - THESAGRO | |
| Cabeçalho tópico ou nome geográfico | CERRADO |
| 773 0# - ENTRADA ANALÍTICA | |
| Host Biblionumber | 3551 |
| Registro do item | 345986 |
| Imprenta | Belém-PA Faculdade de Ciências Agrárias do Pará 1999 |
| Outro identificador | 2024-6635 |
| Título | Revista de Ciências Agrárias (Brazil) |
| ISSN | 1517-591X Impresso/Versão online ISSN 2177-8760 |
| Colação | v. 58(3) p. 233-239; (2015) |
| Número de controle de registro | BR2025002722 |
| 856 ## - ACESSO E ENDEREÇO ELETRÔNICO | |
| Identificador uniforme de recurso - URI | https://ajaes.ufra.edu.br/index.php/ajaes/article/view/1720/654 |
Nenhum exemplar disponível.

BINAGRI